| 000 | 00515nam a2200181 a 4500 | ||
|---|---|---|---|
| 001 | 000032777 | ||
| 005 | 20200930065828.0 | ||
| 008 | 110726s1968 dr a 000 p spa d | ||
| 040 |
_aDO-SdBNP _bspa _cBNPHU |
||
| 082 |
_axxx _bJ27s |
||
| 100 | 1 |
_aJames Rawlings, Norberto, _d1945- _97206 |
|
| 245 | 1 | 0 |
_aSobre la marcha / _cNorberto James Rawlings. |
| 260 |
_aSanto Domingo : _bImprenta Dido, _c1968. |
||
| 300 |
_a68 p. : _bil. ; _c17 cm. |
||
| 490 | 1 |
_aLa isla _v2 |
|
| 830 | 3 |
_aLa isla ; _n2 _958610 |
|
| 049 | _aBNPD | ||
| 999 |
_c32268 _d32268 |
||